Herramientas para habitar el presente : (Registro nro. 21955)

Detalles MARC
000 -Cabecera
Campo de control interno 00834nam a2200253Ia 4500
005 - Fecha y hora del registro
control field 20260320113328.0
008 - Elementos de Longitud Fija
fixed length control field 260320s9999||||xx |||||||||||||| ||und||
020 ## - ISBN
ISBN 9788461475049
041 ## - Idioma
Codigo Idioma Ingles-Español
082 ## - DEWEY y NOTACIÓN INTERNA
Dewey 728
Notación Interna M84
100 ## - AUTOR
Autor denominación Montaner, Josep Maria,
Término de relación autor
245 #0 - TÍTULO DE MATERIAL BIBLIOGRÁFICO
Título Herramientas para habitar el presente :
Título paralelo la vivienda del siglo XXI
246 ## - TÍTULO TRADUCIDO
Título
Título paralelo
Autor Muxí, Zaida; Falagán, David H.
260 ## - CIUDAD, EDITORIAL, AÑO
Ciudad Barcelona :
Nombre de la Editorial Master de la Vivienda del Siglo XXI,
Año 2011
300 ## - DESCRIPCIÓN
N° Páginas 209 páginas :
Otros detalles ilustraciones ;
Dimensiones 24 cm.
Material Adicional
440 ## - MENCIÓN DE SERIE
Título de la Serie
Número de Serie
Volumen de Serie
650 ## - TEMAS
Temas Las Artes
653 ## - DESCRIPTORES
Lenguajes no controlado Edificios recidenciales
654 ## - PROGRAMAS
Programa Dpto. Arquitectura y Urbanismo
700 ## - OTROS AUTORES
Otros autores
Títulos y otras palabras asociadas con el nombre
856 ## - URL - UBICACIÓN
URI/URL: Enlace exacto del recurso <a href="https://www-architectureopenlibrary-com.ucsp.lookproxy.com/eng">https://www-architectureopenlibrary-com.ucsp.lookproxy.com/eng</a>
Nota pública: Versión digital <a href="Véase además: Base de datos Architecture Open Library">Véase además: Base de datos Architecture Open Library</a>
942 ## - ELEMENTOS DE KOHA
Tipo de documento Libro
Nombre del creador Justo Noguera
Código de catalogador Mirtha Ponce
Esquema de clasificación Dewey Decimal Classification
Suppress in OPAC
Existencias
Codigo completo Registro Colección Copia número Disponibilidad Tipo de préstamo Biblioteca Actual Procedencia (Biblioteca) Ubicacón Fecha Ingreso Tipo de Adquisición Observación Date last seen Total checkouts Price effective from Tipo de Item Estado del Material Fuente de Clasificación Damaged status Withdrawn status
728 M84 1086519 Universidad Católica San Pablo 1 Disponible Disponible Víctor Andrés Belaunde Víctor Andrés Belaunde Segundo piso 10/03/2026 Compra Arquitectura 20/03/2026   20/03/2026 Libro Bueno Dewey Decimal Classification